Statistics for Countries Based on a Portion of Their Name #4

Click here to take the quiz!

General Stats

  • This quiz has been taken 99 times
  • The average score is 15 of 24

Answer Stats

PortionCountry% Correct
ICEIceland
98%
UZBUzbekistan
98%
JAMJamaica
97%
LITLithuania
91%
GEOGeorgia
88%
ERUPeru
87%
ESHBangladesh
81%
ZAKKazakhstan
78%
DOVMoldova
69%
KITSaint Kitts and Nevis
67%
AUDSaudi Arabia
60%
FASBurkina Faso
59%
ICOMexico
55%
IBELiberia
52%
NONLebanon
51%
ITYVatican City
51%
SALEl Salvador
50%
BABZimbabwe
49%
IKITajikistan
45%
BONGabon
43%
TUGPortugal
38%
PRUCyprus
31%
HIOEthiopia
30%
STELiechtenstein
29%

Score Distribution

Percentile by Number Answered

Percent of People with Each Score

Your Score History

You have not taken this quiz